=LDR 00000nam 2200000 4500 =001 INLIS000000000002789 =005 20130612091117 =008 ***********************************Ind** =035 ##$$0010-061300000002789 =041 ##$$a Ind =082 ##$$a 92(Ali) =090 ##$$a 92(Ali), Jor s =100 ##$$a Jordac, George =245 ##$$a Suara keadilan, Sosok agung Ali Bin Abi Thalib RA, Jordac;Penerjemah, Abu Muhammad As-Sajjad =260 ##$$a 2000 $b Jakarta =300 ##$$a vii,450 hlm, 25 cm =650 ##$$a Ali Bin Abi Thalib RA =700 ##$$a As-Sajjad, Abu Muhammad =850 ##$$a NBPNMAT